书目信息 |
| 题名: |
有机溶剂中毒预防指南
|
|
| 作者: | 江朝强 主编 | |
| 分册: | ||
| 出版信息: | 北京 化学工业出版社 2006 |
|
| 页数: | 608页 | |
| 开本: | 21cm | |
| 丛书名: | 业卫生工作系列图书 | |
| 单 册: | ||
| 中图分类: | R595.9-62 | |
| 科图分类: | ||
| 主题词: | 有机溶剂--中毒--预防(卫生) , 有机溶剂 , 中毒 , 预防(卫生) | |
| 电子资源: | ||
| ISBN: | 7-5025-8339-4 | |
| 000 | 01152oam2 2200289 450 | |
| 001 | 012007029572 | |
| 005 | 20070522171057.81 | |
| 010 | @a7-5025-8339-4@dCNY45.00 | |
| 100 | @a20060719d2006 km y0chiy0120 ea | |
| 101 | 0 | @achi |
| 102 | @aCN@b110000 | |
| 105 | @ay z 000yy | |
| 106 | @ar | |
| 200 | 1 | @a有机溶剂中毒预防指南@Ayou ji rong ji zhong du yu fang zhi nan@f江朝强主编@Fjiang chao qiang zhu bian |
| 210 | @a北京@c化学工业出版社@d2006 | |
| 215 | @a608页@d21cm | |
| 225 | 2 | @a业卫生工作系列图书 |
| 330 | @a本书分总论和各论两部分。总论从概念、分类、毒理、对健康的影响、中毒临床表现等方面介绍了有机溶剂发生中毒时必须了解的一些基本情况。各论收录了近400种比较常用的工业有机溶剂,从理化性质、接触机会、毒性、临床表现等7个方面介绍了每种有机溶剂的情况,并结合国内曾发生的有机溶剂中毒事故进行分析,为有机溶剂中毒的防治提供了具体的依据和方法。 | |
| 461 | 0 | @12001 @a职业卫生工作系列图书 |
| 606 | 0 | @a有机溶剂@x中毒@x预防(卫生) |
| 606 | 0 | @a有机溶剂 |
| 606 | 0 | @a中毒 |
| 606 | 0 | @a预防(卫生) |
| 690 | @aR595.9-62@v4 | |
| 701 | 0 | @a江朝强@Ajiang chao qiang@f(1944~)@4主编 |
| 801 | 0 | @aCN@bRULIN@c20070522 |
| 905 | @dR595.9-62@e98@s8 | |
| 有机溶剂中毒预防指南/江朝强主编.-北京:化学工业出版社,2006 |
| 608页;21cm.-(业卫生工作系列图书) |
| ISBN 7-5025-8339-4:CNY45.00 |
| 本书分总论和各论两部分。总论从概念、分类、毒理、对健康的影响、中毒临床表现等方面介绍了有机溶剂发生中毒时必须了解的一些基本情况。各论收录了近400种比较常用的工业有机溶剂,从理化性质、接触机会、毒性、临床表现等7个方面介绍了每种有机溶剂的情况,并结合国内曾发生的有机溶剂中毒事故进行分析,为有机溶剂中毒的防治提供了具体的依据和方法。 |
| ● |
| 相关链接 |
|
|
|
|
正题名:有机溶剂中毒预防指南
索取号:R595.9-62/98
 
预约/预借
| 序号 | 登录号 | 条形码 | 馆藏地/架位号 | 状态 | 备注 |
| 1 | 0574111 | 205741116 | 第二样本阅览室/ [索取号:R595.9-62/98] | 在馆 | |
| 2 | 0574112 | 205741125 | 第三借阅区/ [索取号:R595.9-62/98] | 在馆 | |
| 3 | 0574113 | 205741134 | 第三借阅区/ [索取号:R595.9-62/98] | 在馆 | |
| 4 | 0574114 | 205741143 | 教育系资料室/ [索取号:R595.9-62/98] | 在馆 | |
| 5 | 0574115 | 205741152 | 教育系资料室/ [索取号:R595.9-62/98] | 在馆 | |
| 6 | 0574116 | 205741161 | 第三借阅区/ [索取号:R595.9-62/98] | 在馆 | |
| 7 | 0574117 | 205741170 | 教育系资料室/ [索取号:R595.9-62/98] | 在馆 | |
| 8 | 0574118 | 205741189 | 教育系资料室/ [索取号:R595.9-62/98] | 在馆 |